<?xml version="1.0" encoding="UTF-8"?>
<collection xmlns="http://www.loc.gov/MARC21/slim">
 <record>
  <leader>01812nam a2200193Ia 4500</leader>
  <controlfield tag="001">TDMU_26405</controlfield>
  <controlfield tag="008">210410s9999    xx            000 0 und d</controlfield>
  <datafield tag="082" ind1=" " ind2=" ">
   <subfield code="a">690.8314</subfield>
  </datafield>
  <datafield tag="090" ind1=" " ind2=" ">
   <subfield code="b">M103</subfield>
  </datafield>
  <datafield tag="100" ind1=" " ind2=" ">
   <subfield code="a">Mai, Thị Châm</subfield>
  </datafield>
  <datafield tag="245" ind1=" " ind2="0">
   <subfield code="a">Chung cư Sư Vạn Hạnh</subfield>
  </datafield>
  <datafield tag="245" ind1=" " ind2="0">
   <subfield code="c">Mai Thị Châm; ThS.Đỗ Thị Ngọc Tam, ThS. Lê Anh Vân (h.dẫn)</subfield>
  </datafield>
  <datafield tag="260" ind1=" " ind2=" ">
   <subfield code="a">Bình Dương, 2015</subfield>
  </datafield>
  <datafield tag="300" ind1=" " ind2=" ">
   <subfield code="a">260tr.</subfield>
  </datafield>
  <datafield tag="520" ind1=" " ind2=" ">
   <subfield code="a">Đồ án tốt nghiệp Cao đẳng trường Đại học Thủ Dầu Một, 2012 - 2015; Đồ án gồm các phần: Phần I. Kiến trúc công trình: Chương 1. Tổn quan về kiến trúc công trình; Phần II. Kết cấu công trình: Chương 2. Tổng quan về kết cấu công trình. Chương 3. Tính toán kết cấu sàn tầng điển hình. Chương 4. Tính toán và bố trí thép khung trục 2. Chương 5. Tính toán cầu thang bộ. Chương 6. Tính toán móng khung trục 2; Phần III.  Thi công: Chương 7. Khái quát về công trình. Chương 8. Thi công ép cọc. Chương 9 Thi công đào đất. Chương 10. Thi công bê tông cốt thép phần ngầm. Chương 11. Thi công bê tông cốt thép phần thân. Chương 12. Tiến độ thi công công trình. Chương 13. Tổng mặt bằng thi công công trình. Chương 14. An toàn trong lao động.</subfield>
  </datafield>
  <datafield tag="650" ind1=" " ind2=" ">
   <subfield code="a">Đồ án tốt nghiệp; Xây dựng</subfield>
   <subfield code="x">Chung cư Sư Vạn Hạnh</subfield>
   <subfield code="z">Tp. Hồ Chí Minh</subfield>
  </datafield>
  <datafield tag="700" ind1=" " ind2=" ">
   <subfield code="a">Đỗ Thị Ngọc Tam</subfield>
  </datafield>
  <datafield tag="856" ind1=" " ind2=" ">
   <subfield code="u">http://lrc.tdmu.edu.vn/opac/search/detail.asp?aID=2&amp;ID=26405</subfield>
  </datafield>
  <datafield tag="980" ind1=" " ind2=" ">
   <subfield code="a">Trung tâm Học liệu Trường Đại học Thủ Dầu Một</subfield>
  </datafield>
 </record>
</collection>
